LEADER 01457nam1 22003373i 450 001 NAP0543007 005 20251003044255.0 010 $a9781609604950 100 $a20120711d2011 ||||0itac50 ba 101 | $aeng 102 $aus 181 1$6z01$ai $bxxxe 182 1$6z01$an 200 1 $aHandbook of research on improving learning and motivation through educational games$emultidisciplinary approaches$fPatrick Felicia 210 $aHershey$cInformation Science Reference$d2011 215 $a2 v.$d28 cm 463 1$1001NAP0543015$12000 $a1$fPatrick Felicia$v1 463 1$1001NAP0543016$12000 $a2$fPatrick Felicia$v2 606 $aAPPRENDIMENTO$xPSICOLOGIA$2FIR$3MILC001491$9I 676 $a371.337$9GIOCHI E GIOCATTOLI DIDATTICI$v21 696 $aAspetti psicologici 699 $aPsicologia$zAspetti psicologici 700 1$aFelicia$b, Patrick$3NAPV123087$4070$0771213 801 3$aIT$bIT-000000$c20120711 850 $aIT-BN0095 901 $bNAP 01$cPOZZO LIB.$nVi sono collocati fondi di economia, periodici di ingegneria e scienze, periodici di economia e statistica e altri fondi comprendenti documenti di economia pervenuti in dono. 912 $aNAP0543007 950 1$aBiblioteca Centralizzata di Ateneo$bv. 1-2$cv. 1-2$d 01POZZO LIB.ECON MON 5212 977 $a 01 996 $aHandbook of research on improving learning and motivation through educational games$91573676 997 $aUNISANNIO